La oración y sus partes

Сохранить в:
Библиографические подробности
Главный автор: Lenz, Rodolfo
Формат:
Язык:Undetermined
Опубликовано: Madrid, España Centro de Estudios Históricos 1925
Редактирование:2
Предметы:
Метки: Добавить метку
Нет меток, Требуется 1-ая метка записи!

MARC

LEADER 00000nam a2200000Ia 4500
008 170316s9999 xx 000 0 und d
090 |a 415-E L-6o 
100 |a Lenz, Rodolfo 
245 |a La oración y sus partes 
250 |a 2 
260 |a Madrid, España 
260 |b Centro de Estudios Históricos 
260 |c 1925 
300 |a 558 páginas 
650 |a GRAMÁTICA ESPAÑOLA 
999 |c 19008  |d 19008 
040 |a cru BVZT 
942 |c 15 D  |h 415-E L-6o  |2 z